| 000 | 00388pab a2200145 454500 | ||
|---|---|---|---|
| 008 | 180718b xxu||||| |||| 00| 0 eng d | ||
| 100 | _aBasu D.N. | ||
| 245 | _aHousing finance system in India | ||
| 362 | _a13(1), Jan-Jun 1993, p.36-50 | ||
| 650 | _a Shelter -- Finance -- India | ||
| 650 | _aHousing -- Finance -- India | ||
| 700 | _aMehta V.K. | ||
| 773 | _aUrban India | ||
| 909 | _a26788 | ||
| 999 |
_c26788 _d26788 |
||